Meranie a regulácia 2 základy regulácie

Bibliographic Details
Main Author: Kachaňák, Anton, 1939- (Author)
Format: Book
Language:Slovak
PhysicalDescription:275 s. sch., tab. 29 cm
Published: Bratislava Slovenská vysoká škola technická 1980
Edition:2. vyd., 1. dotl.
Subjects:

MARC

LEADER 00000cam a2200000 a 4500
001 vtls001102026
003 SK-MaSNL
005 20260302030959.0
008 250313s1980 xo e 000 0 slo
015 |a SNBA1981 
035 |a SNK000044868 
035 |a urn:nbn:sk:snk-amld32 
035 |a urn:nbn:sk:snk-am0090ib 
035 |a F3F30013-BB78-4BF3-9FB8-2550CDBFB0C0 
040 |a SNK  |b slo  |c SNK  |e AACR2 
041 0 |a slo 
044 |a xo  |c SK 
080 |a 62-52/-55(075.8)  |2 1981 
080 |a 681.515/.516(075.8)  |2 1981 
100 1 |a Kachaňák, Anton,  |d 1939-  |4 aut  |9 15113 
245 1 0 |a Meranie a regulácia 2  |b základy regulácie  |c Anton Kachaňák 
250 |a 2. vyd., 1. dotl. 
260 |a Bratislava  |b Slovenská vysoká škola technická  |c 1980 
300 |a 275 s.  |b sch., tab.  |c 29 cm 
366 |e 200 výt. 
500 |a Schválil Rektorát SVŠT v Bratislave ako skriptum 
504 |a Bibliogr. 
650 0 7 |a meranie  |2 SNKPH  |9 884 
650 0 7 |a regulácia  |2 SNKPH  |9 363846 
655 7 |a učebnice vysokých škôl  |2 SNKPH  |9 70191 
852 |a Slovenská národná knižnica 
958 |a OND 
958 |a NB 
999 |c 1050113  |d 1052043 
952 |a SNK  |b SNK  |y PREZ  |7 0  |p 17A1001104  |o snkSB 31823/2  |i snkKSP 4446/81  |0 0  |1 0  |4 0  |d 2012-07-25  |f 1  |l 0  |r 2025-04-04 00:00:00  |w 2026-02-24 
952 |t P60, <04>, [BOOK], {604}  |a SNK  |b SNK  |y VYP  |7 0  |p 17A0017718  |o snkSB 31823/2 D1  |i snkKSP 4447/81  |0 0  |1 0  |4 0  |d 1996-11-05  |l 0  |r 2004-12-31 00:00:00  |w 2026-02-24